Journal Of Africa Economies (Record no. 482)

MARC details
000 -LEADER
fixed length control field 00404nam a22001457a 4500
008 - FIXED-LENGTH DATA ELEMENTS--GENERAL INFORMATION
fixed length control field 230606b xxu||||| |||| 00| 0 eng d
020 ## - INTERNATIONAL STANDARD BOOK NUMBER
International Standard Book Number 1588261409
082 ## - DEWEY DECIMAL CLASSIFICATION NUMBER
Classification number 330.96
Item number JAE
245 ## - TITLE STATEMENT
Title Journal Of Africa Economies
Statement of responsibility, etc. Oxford University
260 ## - PUBLICATION, DISTRIBUTION, ETC. (IMPRINT)
Place of publication, distribution, etc. United Kingdom
Name of publisher, distributor, etc. Oxford University
Date of publication, distribution, etc. 2003
300 ## - PHYSICAL DESCRIPTION
Extent 471 p
440 ## - SERIES STATEMENT/ADDED ENTRY--TITLE
Number of part/section of a work 3
Volume/sequential designation 12
710 ## - ADDED ENTRY--CORPORATE NAME
Subordinate unit Center for The Study of African Economies
942 ## - ADDED ENTRY ELEMENTS (KOHA)
Source of classification or shelving scheme Dewey Decimal Classification
Koha item type Books

No items available.

LIBRARY OPENING HOURS

When the Parliament is sitting: 8.00a.m - 7.00p.m or until the house adjourns
Mondays and Fridays and when the House is on Recess:  8.00a.m - 5.00p.m
Closed on Weekends and Public Holidays

Online Public Access Catalog (OPAC)
Website: http://www.parliament.go.ke
Bunge Library: https://libraryir.parliament.go.ke
Contact: library@parliament.go.ke | Tel no: (254-2)2221291 or 2848000 Ext 5043